Koncepcia zániku nescudziteľnosti ľudských práv u Hannah Arendtovej
Problematika ľudských práv a medzinárodných vzťahov v diele Pôvod totalitarizmu od Hannah Arendtovej. Koncepcie zániku nescudziteľnosti ľudských práv a medzinárodnej kurtoázie po prvej svetovej vojne v Európe, ktoré Arendtová považuje za významné faktory vzniku moderných totalitaristických režimov....
Guardado en:
| Autor principal: | |
|---|---|
| Formato: | Capítulo de libro |
| Lenguaje: | eslovaco |
| Materias: | |
| Etiquetas: |
Sin Etiquetas, Sea el primero en etiquetar este registro!
|
MARC
| LEADER | 00000nla a2200000 4500 | ||
|---|---|---|---|
| 001 | 0240618 | ||
| 005 | 20240502073920.4 | ||
| 041 | 0 | |a slo | |
| 044 | |a SK | ||
| 245 | 1 | 0 | |a Koncepcia zániku nescudziteľnosti ľudských práv u Hannah Arendtovej |c František Škvrnda ml. |
| 520 | |a Problematika ľudských práv a medzinárodných vzťahov v diele Pôvod totalitarizmu od Hannah Arendtovej. Koncepcie zániku nescudziteľnosti ľudských práv a medzinárodnej kurtoázie po prvej svetovej vojne v Európe, ktoré Arendtová považuje za významné faktory vzniku moderných totalitaristických režimov. Všeobecné miesto Hannah Arendtovej v sociálnej a politickej filozofii. Popis a identifikáciu tých historických udalostí, ktoré podľa Arendtovej spôsobili zánik nescudziteľnosti ľudských práv a medzinárodnej kurtoázie. Analýza Arendtovej koncepcie „práva mať právo“. Hodnotenie celkového prínosu Arendtovej k skúmanej problematike. | ||
| 610 | 2 | 0 | |a práva ľudské |
| 610 | 2 | 0 | |a právo medzinárodné |
| 610 | 2 | 0 | |a história |
| 610 | 2 | 0 | |a totalitarizmus |
| 100 | 1 | |a Škvrnda, František, ml., 1987- | |